000 00490nam a2200157Ia 4500
999 _c18653
_d18653
003 OSt
005 20200703113702.0
008 190216s9999||||xx |||||||||||||| ||und||
040 _coclc
082 _a941
_bECK/B
100 _aEckles, Robert B
_93504
245 0 _aBritain, Her Peoples And The Commonwealth /
_cRobert B Eckles ; Richard W Hale
260 _bAllied Publishers Limited,
_c1954.
_aBombay:
300 _a834p
942 _cBK
_2ddc
_h941
_iECK/B
_k941
_mECK/B